Personnages de Arcane - Mort subite - Statistiques

Statistiques générales
  • Ce quiz a été pris 2 770 fois
  • Le résultat moyen est 9 sur 15
Answers on the Grid
Answers color-coded by a green-red scale on the quiz's grid according to % correct below.
Powder
Mel Medarda
Heimerdinger
Viktor
Jayce Talis
Silco
Vander
Ekko
Caitlyn Kiramman
Corin Reveck
Rictus
Torman Hoskel
Marcus
Renni
Claggor
Zac
Renata Glasc
Tristana
Mikasa Hackerman
Brimstone
Tianna Crownguard
Gul'dan
Cthulhu
Darius
Yugo
Elsa
Alfredo Linguini
Poppy
Katara
Mowgli
 
Statistiques - réponses
Réponse % Correct
Ekko
86%
Powder
86%
Viktor
86%
Silco
84%
Vander
83%
Caitlyn Kiramman
82%
Heimerdinger
81%
Jayce Talis
79%
Mel Medarda
76%
Claggor
54%
Marcus
47%
Rictus
17%
Corin Reveck
14%
Renni
13%
Torman Hoskel
11%
Aucun quiz correspondant
Distribution des résultats
% des personnes avec chaque résultat
Percentile par nombre de réponses
Votre historique - résultats
Vous n’avez pas pris ce quiz